Lyrics / Rock me - One direction - Statistics

General Stats
  • This quiz has been taken 47 times
  • The average score is 294 of 375
Answer Stats
Answer % Correct
r
100%
You
97%
you
97%
o
95%
c
90%
i
90%
me
90%
the
90%
a
87%
Do
87%
summer
87%
09
85%
rock
85%
to
85%
of
82%
time
82%
go
79%
my
79%
want
79%
was
79%
best
77%
ever
77%
it
77%
k
77%
life
77%
show
77%
back
74%
can't
74%
heavy
74%
metal
74%
Wanna
74%
wanna
74%
just
72%
let
72%
that
72%
u
72%
we
72%
alone
69%
care
69%
every
69%
lie
69%
night
69%
Oh
69%
yeah
69%
believe
67%
hit
67%
never
67%
on
67%
pedal
67%
there
67%
think
67%
us
67%
always
64%
as
64%
better
64%
moonlight
64%
sun
64%
used
64%
at
62%
did
62%
sea
62%
under
62%
why
62%
by
59%
down
59%
fire
59%
guitar
59%
like
59%
playing
59%
they
59%
beach
56%
could
56%
this
56%
too
56%
whispered
56%
will
56%
words
56%
again
54%
and
54%
loud
54%
lying
54%
rewind
54%
were
54%
press
51%
together
49%
blew
46%
goodbye
46%
mine
46%
shut
46%
out
44%
said
44%
member
38%
roll
26%
started
3%
No matching quizzes found
Score Distribution
Percent of People with Each Score
Percentile by Number Answered
Your Score History
You have not taken this quiz